Normal view
MARC view
- Ventas
Entry Materia
001 - NÚMERO DE CONTROL DEL REGISTRO
- campo de control: 6550
003 - IDENTIFICADOR DE NUMERO DE CONTROL
- campo de control: MX-MxUPN
005 - FECHA Y HORA DE LA ÚLTIMA TRANSACCIÓN
- campo de control: 20231016143917.0
008 - DATOS DE LONGITUD FIJA
- campo de control de longitud fija: 231016nn fnnnnbabn n ana |d
035 ## - NÚMERO DE CONTROL DEL SISTEMA
- Número de control del sistema: UPN10000006552
040 ## - FUENTE DE LA CATALOGACIÓN
- Lengua de catalogación: spa
- Centro catalogador de origen: MX-MxUPN
150 ## - ENCABEZAMIENTO - TEMÁTICO
- Término de materia o nombre geográfico como elemento inicial: Ventas
670 ## - FUENTE EN LA QUE SE LOCALIZARON DATOS
- Cita de la fuente: Escamilla González, G. Lista de encabezamientos de materia, 1978 :
- Información localizada: página 845 (Ventas)
902 ## - CATALOGADOR
- Catalogador: BEC/110697
- Catalogador: VíctorGodínez/161023
